<?xml version="1.0" encoding="UTF-8"?><?xml-stylesheet type="text/xsl" href="static/style.xsl"?><OAI-PMH xmlns="http://www.openarchives.org/OAI/2.0/" xmlns:xsi="http://www.w3.org/2001/XMLSchema-instance" xsi:schemaLocation="http://www.openarchives.org/OAI/2.0/ http://www.openarchives.org/OAI/2.0/OAI-PMH.xsd"><responseDate>2026-04-13T13:27:04Z</responseDate><request verb="GetRecord" identifier="oai:www.recercat.cat:10459.1/47614" metadataPrefix="marc">https://recercat.cat/oai/request</request><GetRecord><record><header><identifier>oai:recercat.cat:10459.1/47614</identifier><datestamp>2024-12-05T23:04:10Z</datestamp><setSpec>com_2072_3622</setSpec><setSpec>col_2072_478537</setSpec></header><metadata><record xmlns="http://www.loc.gov/MARC21/slim" xmlns:dcterms="http://purl.org/dc/terms/" xmlns:xsi="http://www.w3.org/2001/XMLSchema-instance" xmlns:doc="http://www.lyncode.com/xoai" xsi:schemaLocation="http://www.loc.gov/MARC21/slim http://www.loc.gov/standards/marcxml/schema/MARC21slim.xsd">
   <leader>00925njm 22002777a 4500</leader>
   <datafield ind2=" " ind1=" " tag="042">
      <subfield code="a">dc</subfield>
   </datafield>
   <datafield ind2=" " ind1=" " tag="720">
      <subfield code="a">Risco Amigó, Santiago</subfield>
      <subfield code="e">author</subfield>
   </datafield>
   <datafield ind2=" " ind1=" " tag="260">
      <subfield code="c">2014-11-18T08:40:39Z</subfield>
   </datafield>
   <datafield ind2=" " ind1=" " tag="260">
      <subfield code="c">2014-11-18T08:40:39Z</subfield>
   </datafield>
   <datafield ind2=" " ind1=" " tag="260">
      <subfield code="c">2014-09</subfield>
   </datafield>
   <datafield ind2=" " ind1=" " tag="520">
      <subfield code="a">Els anomenats Smart Meters són mesuradors del consum d'electricitat, que tenen com objectiu implementar un sistema de mesura automàtic i eficient que permeti realitzar facturacions molt més acurades de l'ús d'electricitat que fan els consumidors. Un inconvenient que comporta aquest sistema és que aquestes dades poden revelar indirectament informació detallada del comportament dels consumidors, podent esbrinar els patrons d'estada a les llars. Per tal d'ocultar aquesta informació es proposen solucions criptogràfiques, com és el cas de les signatures digitals CL (Camenisch-Lysyanskaya) mitjançant corbes el·líptiques. En aquest treball de final de màster estudiarem i analitzarem aquests protocols criptogràfics i en particular, implementarem els algoritmes de generació i verificació de les signatures CL.</subfield>
   </datafield>
   <datafield ind1="8" ind2=" " tag="024">
      <subfield code="a">http://hdl.handle.net/10459.1/47614</subfield>
   </datafield>
   <datafield tag="653" ind2=" " ind1=" ">
      <subfield code="a">Criptografia</subfield>
   </datafield>
   <datafield tag="653" ind2=" " ind1=" ">
      <subfield code="a">Corbes el·líptiques</subfield>
   </datafield>
   <datafield tag="653" ind2=" " ind1=" ">
      <subfield code="a">Pairings</subfield>
   </datafield>
   <datafield tag="653" ind2=" " ind1=" ">
      <subfield code="a">Smart Meters</subfield>
   </datafield>
   <datafield tag="653" ind2=" " ind1=" ">
      <subfield code="a">Criptografia</subfield>
   </datafield>
   <datafield tag="653" ind2=" " ind1=" ">
      <subfield code="a">Corbes el·líptiques</subfield>
   </datafield>
   <datafield ind2="0" ind1="0" tag="245">
      <subfield code="a">Estudi d'esquemes de signatura per a Smart Meters</subfield>
   </datafield>
</record></metadata></record></GetRecord></OAI-PMH>